| 000 | 01885cam a2200529 i 4500 | ||
|---|---|---|---|
| 001 | 24718 | ||
| 003 | KOSZ 005 | ||
| 005 | 20250625063547.0 | ||
| 008 | 250624s1996 pl a f 001 0 pol | ||
| 015 | _aUWD 1994/5471 | ||
| 020 | _a8320808936 | ||
| 035 | _a991000530339705066 | ||
| 035 | _a(PL-WaBN)b10183498-48omnis_nlop | ||
| 035 | _ab10183498 | ||
| 035 | _a(OCoLC)833999285 | ||
| 035 | _azz2004865654 | ||
| 035 | _a(PL)b0000001018349 | ||
| 035 | _a(EXLNZ-48OMNIS_NETWORK)9910098312005606 | ||
| 040 |
_aWA N _cWA N _dKOSZ 005/RW |
||
| 041 | 1 |
_apol _heng |
|
| 046 | _k1980 | ||
| 080 | _a339.13 | ||
| 100 | 1 |
_aPorter, Michael E. _d(1947- ) _eAutor |
|
| 245 | 1 | 0 |
_aStrategia konkurencji : _bmetody analizy sektorów i konkurentów / _cMichael E. Porter ; przekład Andrzej Ehrlich. |
| 246 | 1 |
_iTytuł oryginału: _aCompetitive strategy : _btechniques for analyzing industries and competitors, _f1980 |
|
| 250 | _aWydanie 3. | ||
| 260 |
_aWarszawa : _bPolskie Wydawnictwo Ekonomiczne, _c1996. |
||
| 300 |
_a373, [3] strony : _brysunki, wykresy ; _c21 cm. |
||
| 336 |
_aTekst _btxt _2rdacontent |
||
| 337 |
_aBez urządzenia pośredniczącego _bn _2rdamedia |
||
| 338 |
_aWolumin _bnc _2rdacarrier |
||
| 380 | _aKsiążki | ||
| 380 | _aPublikacje fachowe | ||
| 380 | _aPublikacje naukowe | ||
| 388 | 1 | _a1901-2000 | |
| 388 | 1 | _a1989-2000 | |
| 504 | _aBibliografia na stronach 368-[370]. Indeks. | ||
| 650 | 7 |
_aAnaliza strategiczna _2DBN |
|
| 650 | 7 |
_aKonkurencja _2DBN |
|
| 655 | 7 | _aOpracowanie | |
| 658 | _aGospodarka, ekonomia, finanse | ||
| 700 | 1 |
_aEhrlich, Andrzej _d(1928-2023) _eTłumaczenie |
|
| 710 | 2 |
_aPolskie Wydawnictwo Ekonomiczne _4pbl |
|
| 856 |
_uhttps://koha.tu.koszalin.pl/cgi-bin/koha/opac-detail.pl?biblionumber=24718 _yKatalog online BPK |
||
| 942 |
_2UKD _cKS |
||
| 999 |
_c24718 _d24718 |
||